000 00542nam a22001697a 4500
005 20251108165515.0
008 250721s1984 xx 000 0 ara d
082 1 4 _aم/812.962/احم
100 1 _aشوقي، أحمد
245 1 0 _aالأعمال الكامله :
_bالمسرحيات /
264 1 _aالقاهرة :
_bالهيئه المصريه العامه للكتاب،
_c1984.
300 _a814ص0
650 1 7 _aالمسرحيات العربيه
700 1 _aدرويش، سعد
_eمحقق
942 _2ddc
_cREF
999 _c29546
_d29546